[Event "Montevideo Trebejos op 09"]
[Site "Montevideo"]
[Date "2018.09.19"]
[Round "7"]
[White "Shih Ferreira, Yin Chieh"]
[Black "Buscio, Jorge"]
[Result "1-0"]
[WhiteElo "1371"]
[BlackElo "1474"]
[PlyCount "43"]
[EventDate "2018.09.05"]
[EventType "swiss"]
[EventRounds "7"]
[EventCountry "URU"]
[SourceTitle "CBM 186 Extra"]
[Source "ChessBase"]
[SourceDate "2018.08.24"]
[SourceVersion "1"]
[SourceVersionDate "2018.08.24"]
[SourceQuality "1"]

1. d4 Nf6 2. e3 b6 3. Bd3 Ba6 4. c4 d5 5. cxd5 Bxd3 6. Qxd3 Nxd5 7. Nc3 e6 8. Nf3 Bb4 9. 0-0 0-0 10. Bd2 c5 11. Nxd5 Bxd2 12. Nxb6 axb6 13. Qxd2 c4 14. Qb4 Qc7 15. Ne5 Nc6 16. Nxc6 Qxc6 17. a4 Rfc8 18. Rfc1 Rab8 19. Rc2 b5 20. axb5 Rxb5 21. Rxc4 Qxc4 22. Qxc4 1-0

[Event "URU-chTB"]
[Site "Montevideo"]
[Date "2018.07.08"]
[Round "4.43"]
[White "Shih Ferreira, Yin Chieh"]
[Black "Milan, Julio"]
[Result "0-1"]
[WhiteElo "1384"]
[BlackElo "1617"]
[PlyCount "88"]
[EventDate "2018.07.06"]
[EventType "team-swiss"]
[EventRounds "5"]
[EventCountry "URU"]
[SourceTitle "EXT 2019"]
[Source "ChessBase"]
[SourceDate "2018.10.10"]
[SourceVersion "1"]
[SourceVersionDate "2018.10.10"]
[SourceQuality "1"]
[WhiteTeam "Urreta"]
[BlackTeam "Trebejos III"]
[WhiteTeamCountry "URU"]
[BlackTeamCountry "URU"]

1. d4 Nf6 2. Nf3 g6 3. Bf4 d6 4. h3 Bg7 5. e3 0-0 6. Bd3 Nc6 7. c3 Re8 8. 0-0 e5 9. dxe5 dxe5 10. Ng5 exf4 11. exf4 Qd6 12. Qb3 Be6 13. Nxe6 fxe6 14. Be2 Rab8 15. Rd1 Qxf4 16. Nd2 Nd5 17. Bg4 Nd8 18. Nf3 c6 19. Re1 h5 20. g3 Qf8 21. Bxh5 gxh5 22. Ng5 Qf5 23. h4 Nf7 24. Nxf7 Qxf7 25. Rad1 Rf8 26. Qc2 Nf6 27. Rd2 Rbd8 28. Rde2 Rd6 29. f3 Rfd8 30. g4 hxg4 31. fxg4 Nxg4 32. Rf1 Qh5 33. Qb3 Qc5+ 34. Kh1 Qd5+ 35. Qxd5 exd5 36. Rg1 Nh6 37. Re7 R6d7 38. Re6 Kh7 39. h5 Rf8 40. Reg6 Rdf7 41. Re6 Rf1 42. Rxf1 Rxf1+ 43. Kg2 Rf7 44. b4 Bxc3 0-1

[Event "American Continental 14th"]
[Site "Montevideo"]
[Date "2018.06.03"]
[Round "4"]
[White "Shih Ferreira, Yin Chieh"]
[Black "Cardozo, Camila"]
[Result "1-0"]
[WhiteElo "1378"]
[BlackElo "1586"]
[PlyCount "133"]
[EventDate "2018.06.01"]
[EventType "swiss"]
[EventRounds "11"]
[EventCountry "URU"]
[SourceTitle "CBM 184 Extra"]
[Source "ChessBase"]
[SourceDate "2018.06.28"]
[SourceVersion "1"]
[SourceVersionDate "2018.06.28"]
[SourceQuality "1"]

1. d4 Nf6 2. Bf4 e6 3. Nf3 d5 4. e3 c5 5. h3 Nc6 6. c3 Bd6 7. Bxd6 Qxd6 8. Bd3 0-0 9. 0-0 b6 10. Nbd2 Bb7 11. Re1 Rad8 12. Qc2 c4 13. Bf1 e5 14. e4 dxe4 15. Nxc4 Qc7 16. Nfxe5 Nxe5 17. Nxe5 Nd5 18. Qd2 Nb4 19. Qc1 Nd5 20. Rxe4 Nxc3 21. Re3 Nd5 22. Re2 Qxc1 23. Rxc1 Nf4 24. Rec2 Be4 25. Rc7 a5 26. f3 Bd5 27. a3 Ne6 28. Nc6 Nxc7 29. Nxd8 Na8 30. Nc6 Re8 31. Kf2 f6 32. Na7 Kf7 33. Nb5 Rd8 34. Bc4 Be6 35. Bxe6+ Kxe6 36. Ke3 Rd5 37. a4 Kd7 38. Ke4 Rg5 39. g4 h5 40. d5 Re5+ 41. Kd4 hxg4 42. fxg4 Re2 43. b3 Rd2+ 44. Ke4 Re2+ 45. Kd4 Rd2+ 46. Kc4 Rf2 47. Rc3 Rf4+ 48. Kd3 Rf3+ 49. Kd4 Rf4+ 50. Ke3 g5 51. d6 Rf1 52. Rd3 Re1+ 53. Kd2 Re4 54. Re3 Rb4 55. Kc3 Rf4 56. Rd3 Rf1 57. Kd4 Rf4+ 58. Kd5 f5 59. gxf5 Rxf5+ 60. Kd4 Rf4+ 61. Ke5 Rf8 62. Rg3 Rh8 63. Kf5 Rg8 64. Rxg5 Rf8+ 65. Ke4 Re8+ 66. Kd5 Re3 67. Rg7+ 1-0

[Event "Montevideo Trebejos op 03"]
[Site "Montevideo"]
[Date "2017.03.06"]
[Round "1"]
[White "Savino, Horacio"]
[Black "Shih Ferreira, Yin Chieh"]
[Result "1-0"]
[WhiteElo "1859"]
[BlackElo "1349"]
[PlyCount "107"]
[EventDate "2017.03.06"]
[EventType "swiss"]
[EventRounds "7"]
[EventCountry "URU"]
[SourceTitle "CBM 177 Extra"]
[Source "ChessBase"]
[SourceDate "2017.04.27"]
[SourceVersion "1"]
[SourceVersionDate "2017.04.27"]
[SourceQuality "1"]

1. d4 Nf6 2. Nf3 d5 3. c4 c6 4. Nc3 e6 5. Bg5 Be7 6. e3 Nbd7 7. Be2 0-0 8. 0-0 Qc7 9. Rc1 dxc4 10. Bxc4 h6 11. Bh4 Nb6 12. Bd3 a6 13. Qb3 Nbd7 14. e4 Re8 15. e5 Nd5 16. Nxd5 exd5 17. Qxd5 Bxh4 18. Nxh4 Qd8 19. Qe4 Nf6 20. Qf3 Qxd4 21. exf6 Qxh4 22. fxg7 Kxg7 23. Rc4 Qg5 24. Rf4 Be6 25. Bc4 Qe5 26. Qg3+ Kh7 27. Bxe6 Qxe6 28. Qd3+ Kg7 29. Qc3+ Kh7 30. Rb4 b5 31. g3 a5 32. Rh4 b4 33. Qc2+ Qg6 34. Rc1 Qxc2 35. Rxc2 Re6 36. Rhc4 Rc8 37. b3 Kg6 38. Rc5 Ra8 39. Rxc6 Rxc6 40. Rxc6+ f6 41. Kg2 a4 42. Rb6 axb3 43. axb3 Rc8 44. Rxb4 Rc3 45. Rb5 f5 46. b4 h5 47. Rb6+ Kf7 48. f4 Rc2+ 49. Kh3 Kg7 50. b5 Rb2 51. Rb7+ Kg6 52. Rb6+ Kg7 53. Kh4 Rxh2+ 54. Kg5 1-0